000 00732nam a2200217 i 4500
001 67066
003 ES-MaACL
005 20240527195812.0
007 t|
008 040503s1997 sp ||||1| spa d
080 _a821.134.2.09"18"
100 1 _aAlonso, Cecilio.
_920194
245 1 0 _aAspectos literarios del primer regeneracionismo (1890-1901) /
_cCecilio Alonso Alonso.
260 _aHuesca :
_bInstituto de Estudios Altoaragoneses,
_c1997.
300 _a33 p. ;
_c24 cm.
500 _aSeparata de: Alazet, revista de filología nº 9.
650 1 4 _aRegeneracionismo
_916742
650 4 _aLiteratura española-
_yS.XIX-
_xHistoria y crítica.
_914568
852 _aES-MaACL
_j2166-F-11
_bR.130407
999 _c67066
_d67066